International mathematics Olympiad - 1 / (Record no. 155485)

MARC details
000 -LEADER
fixed length control field 00610nam a22001935i 4500
005 - DATE AND TIME OF LATEST TRANSACTION
control field 20180809172108.0
010 ## - LCCN (DPL NO)
LC control number B-701191
020 ## - INTERNATIONAL STANDARD BOOK NUMBER
International Standard Book Number 9789357940504
Terms of availability 195.00
035 ## - SYSTEM CONTROL NUMBER
System control number B-701191
037 ## - SOURCE OF ACQUISITION
Source of stock number/acquisition DBAD
Stock number dpl
082 ## - DEWEY DECIMAL CLASSIFICATION NUMBER
Classification number 510
100 1# - MAIN ENTRY--PERSONAL NAME
Personal name Shraddha Singh
245 10 - TITLE STATEMENT
Title International mathematics Olympiad - 1 /
Statement of responsibility, etc by Shraddha Singh
260 ## - PUBLICATION, DISTRIBUTION, ETC. (IMPRINT)
Name of publisher, distributor, etc V & S Publishers
Date of publication, distribution, etc 2016
270 ## - ADDRESS
Address F-2/16, Ansari Road, Darya Ganj
City New Delhi
Postal code 110002
300 ## - PHYSICAL DESCRIPTION
Extent 130p :
Other physical details Ill.
Dimensions 24cm (pbk).
942 ## - ADDED ENTRY ELEMENTS (KOHA)
Source of classification or shelving scheme Dewey Decimal Classification
Item type Children Books
Classification part 510
Call number suffix SHR
Holdings
Withdrawn status Lost status Not for loan Collection code Home library Current library Date acquired Source of acquisition Cost, normal purchase price Full call number Barcode Copy number Cost, replacement price Koha item type
      Non-fiction Ashok Vihar Ashok Vihar 06/08/2018 DBAD/Children/Gift/02.08.2018 195.00 510 SRA B-701191 1 195.00 Children Books

© Delhi Public Library
Hit Counter
free hit counter